Les différenciations de la pédagogie (Record no. 844)
[ view plain ]
| 000 -LEADER | |
|---|---|
| fixed length control field | 01416nam a2200265 4500 |
| 008 - FIXED-LENGTH DATA ELEMENTS--GENERAL INFORMATION | |
| fixed length control field | s1995 fr fre u |
| 020 ## - INTERNATIONAL STANDARD BOOK NUMBER | |
| International Standard Book Number | 2130466915 |
| 020 ## - INTERNATIONAL STANDARD BOOK NUMBER | |
| International Standard Book Number | 9782130466918 |
| 040 ## - CATALOGING SOURCE | |
| Original cataloging agency | LB-BrCRDP |
| 082 1# - DEWEY DECIMAL CLASSIFICATION NUMBER | |
| Classification number | 371 |
| Item number | LEG |
| 100 1# - MAIN ENTRY--PERSONAL NAME | |
| Personal name | Legrand, Louis |
| 245 14 - TITLE STATEMENT | |
| Title | Les différenciations de la pédagogie |
| Statement of responsibility, etc. | Louis Legrand |
| 260 ## - PUBLICATION, DISTRIBUTION, ETC. | |
| Place of publication, distribution, etc. | Paris |
| Name of publisher, distributor, etc. | Puf |
| Date of publication, distribution, etc. | 1995 |
| 300 ## - PHYSICAL DESCRIPTION | |
| Extent | 125 p. |
| Dimensions | 18 cm |
| 490 0# - SERIES STATEMENT | |
| Series statement | Pédagogues et pédagogies |
| 500 ## - GENERAL NOTE | |
| General note | Sommaire, bibliographie. |
| 520 ## - SUMMARY, ETC. | |
| Summary, etc. | Les systèmes éducatifs ont, depuis toujours, adapté leurs contenus et leurs méthodes à la diversité des publics scolaires. Mais ils le faisaient spontanément pour répondre à la destination sociale diverse de ces publics. L'unification des écoles, dans le cadre de la scolarité obligatoire, tenant compte de l'évolution technique et sociale, a donné un sens nouveau à cette différenciation.Elle est devenue une technique, cherchant à adapter des contenus communs à la diversité psychologique des apprenants. Ce petit livre décrit cette évolution et fait le point actuel de ce type de pédagogie, en s'appuyant sur des extraits d'ouvrages les plus significatifs. |
| 650 4# - SUBJECT ADDED ENTRY--TOPICAL TERM | |
| Topical term or geographic name entry element | Système éducatif |
| 650 4# - SUBJECT ADDED ENTRY--TOPICAL TERM | |
| Topical term or geographic name entry element | Psychopédagogie |
| 650 4# - SUBJECT ADDED ENTRY--TOPICAL TERM | |
| Topical term or geographic name entry element | Scolarité obligatoire |
| 650 4# - SUBJECT ADDED ENTRY--TOPICAL TERM | |
| Topical term or geographic name entry element | Pédagogie différenciée |
| 650 4# - SUBJECT ADDED ENTRY--TOPICAL TERM | |
| Topical term or geographic name entry element | Formation |
| 942 ## - ADDED ENTRY ELEMENTS (KOHA) | |
| Koha item type | Books |
| Withdrawn status | Lost status | Source of classification or shelving scheme | Damaged status | Not for loan | Home library | Current library | Shelving location | Date acquired | Source of acquisition | Cost, normal purchase price | Total Checkouts | Full call number | Barcode | Date last seen | Copy number | Price effective from | Koha item type |
|---|---|---|---|---|---|---|---|---|---|---|---|---|---|---|---|---|---|
| Dewey Decimal Classification | مكتبة دار المعلمين و المعلمات - النبطية | مكتبة دار المعلمين و المعلمات - النبطية | Salle de Lecture | 02/03/2006 | Ambassade de France | 46.00 | 150.9 LEG. | CRN676 | 07/28/2016 | 1 | 07/28/2016 | Books | |||||
| Dewey Decimal Classification | مكتبة دار المعلمين و المعلمات - بئر حسن | مكتبة دار المعلمين و المعلمات - بئر حسن | Salle de Lecture | 01/09/2007 | Ambassade de France | 0.00 | 370.72 Leg | CRB1672 | 07/27/2016 | 1 | 07/27/2016 | Books | |||||
| Dewey Decimal Classification | مكتبة دار المعلمين و المعلمات - جونية | مكتبة دار المعلمين و المعلمات - جونية | Salle de Lecture | 02/03/2006 | Ambassade de France | 46.00 | 150.9 LEG. | CRJ676 | 07/27/2016 | 1 | 07/27/2016 | Books | |||||
| Dewey Decimal Classification | مكتبة دار المعلمين و المعلمات - زحلة | مكتبة دار المعلمين و المعلمات - زحلة | Salle de Lecture | 06/16/2006 | Amb. de France | 6.22 | 371 LEG | CRZ853 | 07/26/2016 | 1 | 07/26/2016 | Books | |||||
| Dewey Decimal Classification | مكتبة دار المعلمين و المعلمات - صيدا | مكتبة دار المعلمين و المعلمات - صيدا | Salle de Lecture | 09/21/2006 | Ambassade de France | 46.00 | 371.3 LEG | CRS1167 | 07/28/2016 | 1 | 07/28/2016 | Books |